| 000 | 02538nam a2200397 i 4500 | ||
|---|---|---|---|
| 001 | ebr10825440 | ||
| 003 | CaPaEBR | ||
| 006 | m o d | ||
| 007 | cr cn||||||||| | ||
| 008 | 040817t20052005paua ob 001 0 eng|d | ||
| 020 | _z0781741890 (pbk.) | ||
| 020 | _z9780781741897 | ||
| 040 |
_aCaPaEBR _beng _erda _epn _cCaPaEBR |
||
| 035 | _a(OCoLC)421132356 | ||
| 050 | 1 | 4 |
_aRD97 _b.K37 2005eb |
| 082 | 0 | 4 |
_a617.1/027 _222 |
| 100 | 1 | _aKarageanes, Steven J. | |
| 245 | 1 | 0 |
_aPrinciples of manual sports medicine / _cSteven J. Karageanes. |
| 264 | 1 |
_aPhiladelphia : _bLippincott Williams & Wilkins, _c[2005] |
|
| 264 | 4 | _c�2005 | |
| 300 |
_a1 online resource (700 pages) : _billustrations |
||
| 336 |
_atext _2rdacontent |
||
| 337 |
_acomputer _2rdamedia |
||
| 338 |
_aonline resource _2rdacarrier |
||
| 504 | _aIncludes bibliographical references and index. | ||
| 505 | 0 | _aFunctional techniques -- High-velocity, low-amplitude technique -- Counterstrain technique -- Muscle energy techniques -- Myofascial release -- Joint play -- Physical medicine modalities -- Massage and soft tissue manipulation -- Exercise principles -- Exercise prescription -- Stretching -- Core stabilization in the athlete -- Throwing program -- Physical examination: overview and essentials -- Head and neck -- The shoulder -- The elbow -- The wrist and hand -- Thoracic spine -- Lumbosacral spine -- Hip and pelvis -- The knee -- Foot and ankle -- Gait analysis -- Baseball -- Basketball -- Cycling -- Dance -- Football -- Golf -- Gymnastics -- Ice hockey -- Lacrosse -- Martial arts -- Rowing -- Running -- Soccer -- Volleyball -- The industrial athlete -- The disabled athlete -- The geriatric athlete -- The emergency room athlete -- The pediatric athlete -- The pregnant athlete. | |
| 588 | _aDescription based on print version record. | ||
| 590 | _aElectronic reproduction. Palo Alto, Calif. : ebrary, 2014. Available via World Wide Web. Access may be limited to ebrary affiliated libraries. | ||
| 650 | 0 |
_aSports injuries _xTreatment. |
|
| 650 | 0 | _aManipulation (Therapeutics) | |
| 650 | 0 | _aSports physical therapy. | |
| 655 | 0 | _aElectronic books. | |
| 776 | 0 | 8 |
_iPrint version: _aKarageanes, Steven J. _tPrinciples of manual sports medicine. _dPhiladelphia : Lippincott Williams & Wilkins, [2005] _hxiv, 686 pages ; 26 cm. _z9780781741897 _w(DNLM)101227208 _w(DLC) 2004019451 |
| 797 | 2 | _aebrary. | |
| 856 | 4 | 0 |
_uhttp://site.ebrary.com/lib/rucke/Doc?id=10825440 _zAn electronic book accessible through the World Wide Web; click to view |
| 999 |
_c87410 _d87410 |
||